000
00342nam a2200145Ia 4500
008
230718s9999 xx 000 0 und d
041
_a
Eng.
082
_a
346.015
_b
MAL-M
100
_a
Malik, amna Bakhtair
245
0
_a
Manual of Family Laws
260
_a
Pakistan
_b
Punjab law book
_c
2013
300
_a
812
650
_a
Law
999
_c
29445
_d
29445